000 00378nam a2200145Ia 4500
008 240624s9999 xx 000 0 und d
041 _aeng
082 _a330 MEL
100 _aMELVIN MICHAEL
245 _aPRINCIPLES OF ECONOMICS
250 _a(9th ed.)
260 _c2013
_aNew Delhi
_bSouth-Western Cengage Learning
300 _axxxviii, 853 p.; 25 cm.
365 _cBPS
_b26
999 _c29974
_d29974